000 00451nam a2200181Ia 4500
005 20250508150054.0
008 008 250505s9999 xx 000 0 eng d
037 _aTextual
040 _aFEDL
_beng
_cFEDL
041 _aeng
_2eng
084 _a510, MCK
_qFEDL
100 _aMckay H
_9755646
245 0 _aPractical mathematics for all
260 _c1946
300 _a416p.
942 _cTEXL
_h510, MCK
999 _c1321646
_d1321646